La familia moderna, solución para sus problemas
Sparad:
| Huvudupphovsman: | |
|---|---|
| Materialtyp: | Bok |
| Språk: | spanska |
| Publicerad: |
Buenos Aires.
A.C.E.S.
1971.
|
| Ämnen: | |
| Taggar: |
Lägg till en tagg
Inga taggar, Lägg till första taggen!
|
MARC
| LEADER | 00000nam a22000005a 4500 | ||
|---|---|---|---|
| 001 | 17034 | ||
| 003 | CL-ChBUA | ||
| 005 | 20120815103626.0 | ||
| 008 | 070301s1971 ag 000 0 spa | ||
| 040 | |a CL-ChBUA |c CL-ChBUA | ||
| 082 | 0 | 0 | |a 248.4 |
| 090 | |c 17034 |d 17034 | ||
| 100 | 1 | |a Collins, Sergio V. | |
| 245 | 1 | 0 | |a La familia moderna, solución para sus problemas |
| 260 | |b A.C.E.S. |a Buenos Aires. |c 1971. | ||
| 300 | |a 196 p. |c 23 cm. | ||
| 504 | |a Indice. | ||
| 650 | 4 | |a FAMILIA CRISTIANA. | |
| 650 | 4 | |a FAMILIA VIDA RELIGIOSA. | |
| 942 | |c LIB | ||
| 952 | |0 0 |1 0 |2 ddc |4 0 |6 248_400000000000000_C_713F |7 0 |9 23584 |a UNACH |b UNACH |c 200 |d 2007-03-05 |i 12.668 |l 0 |o 248.4 / C 713f |p 24583 |r 2012-12-27 00:00:00 |t 4 |w 2012-08-08 |y LIB | ||
| 952 | |0 0 |1 0 |2 ddc |4 0 |6 248_400000000000000_C_713F |7 0 |9 23585 |a UNACH |b UNACH |c 200 |d 2007-03-05 |i 12.667 |l 0 |o 248.4 / C 713f |p 24584 |r 2013-03-11 00:00:00 |t 3 |w 2012-08-08 |y LIB | ||
| 952 | |0 0 |1 0 |2 ddc |4 0 |6 248_400000000000000_C_713F |7 0 |9 23586 |a UNACH |b UNACH |c 200 |d 2007-03-05 |i 37.173 |l 0 |o 248.4 / C 713f |p 24585 |r 2012-12-27 00:00:00 |t 5 |w 2012-08-08 |y LIB | ||
| 952 | |0 0 |1 0 |2 ddc |4 0 |6 248_400000000000000_C_713F |7 0 |9 55949 |a UNACH |b UNACH |c 200 |d 2008-04-16 |i 10.012 |l 0 |o 248.4 / C 713f |p 57035 |r 2014-08-14 00:00:00 |t 2 |w 2012-08-08 |y LIB | ||
| 952 | |0 0 |1 0 |2 ddc |4 0 |6 248_400000000000000_C_713F |7 0 |9 55950 |a UNACH |b UNACH |c 200 |d 2008-04-16 |i 9.760 |l 0 |o 248.4 / C 713f |p 57036 |r 2012-12-27 00:00:00 |t 1 |w 2012-08-08 |y LIB | ||
| 999 | |c 17034 |d 17034 | ||